000 01817nam0a2200325 i 4500
001 RU\NLR\BIBL_A\010103869
005 20260406112409.0
010 _a9785080051340
_95000
021 _aRU
_b2013-98557
_96836
035 _a(NLR Aleph) 010103869
090 _a9941973
_c9941973
100 _a20140206d2013 u y0rusy50 ca
101 0 _arus
102 _aRU
105 _aac||z|||000ay
200 1 _aИзбранное
_fБорис Пастернак
_g[отв. ред.: О.Б. Гринцева
_gвступ. ст. Е.Б. Пастернака]
_gхудож.: Л.О. Пастернак
210 _aМосква
_cДетская литература
_d2013
215 _a303, [1] с.
_cил., портр.
_d21
225 1 _aШкольная библиотека
327 0 _aСодерж.: Стихотворения: циклы: Начальная пора; Из книги "Поверх барьеров"; Из книги "Сестра моя - жизнь"; Из книги "Темы и вариации"; Смешанные стихотворения; Из книги "Второе рождение"; Из книги "На ранних поездах"; Стихотворения Юрия Живаго; Переводы; Люди и положения: автобиографический очерк [и др.]
333 _a16+
686 0 _aШ9(2)62=Р7-5
700 1 _8rus
_7ca
_aПастернак
_bБ.Л.
_f1890-1960
_gБорис Леонидович
_3RU\NLR\AUTH\7737
_9110152
702 1 _aГринцева
_bО. Б.
_4340
702 1 _4040
_8rus
_7ca
_aПастернак
_bЛ. О.
_f1862-1945
_gЛеонид Осипович
_3RU\NLR\AUTH\7793150
_976076
942 _cBOOK
980 _aNBR